000 01885cam a2200457 i 4500
001 sky310320301
003 SKY
005 20250910181659.0
008 240210s2024 nyuab b 000 1 eng d
020 _a9781665961608 (pbk.)
020 _a1665961600 (pbk.)
020 _a9781223242781 (PawPrints)
020 _a1223242781 (PawPrints)
040 _aYDX
_beng
_erda
_cYDX
_dOCLCO
_dOCP
_dOCLCO
_dBKL
_dGRC
_dSKYRV
082 0 4 _a[E]
_223
092 _achildren picture book
_bHolabird
100 1 _aHolabird, Katharine,
_eauthor.
_918189
245 1 2 _aA busy day in Chipping Cheddar /
_cbased on the stories by Katharine Holabird ; based on the illustrations by Helen Craig ; illustrated by David Shephard.
246 1 _iAt head of title:
_aAngelina Ballerina.
250 _aSimon Spotlight edition.
264 1 _aNew York :
_bSimon Spotlight,
_c2024.
300 _a1 volume (unpaged) :
_bcolor illustrations, map ;
_c21 cm.
490 1 _aAngelina Ballerina.
520 _a"It’s a busy day for Angelina Ballerina! When one task leads to an adventure across Chipping Cheddar, Angelina dances her way across the village and helps everyone she meets." --publisher's website.
521 1 _a3-8.
521 2 _aP-3.
600 0 0 _aAngelina Ballerina
_c(Fictitious character)
_vJuvenile fiction.
_95743611
650 0 _aMice
_vJuvenile fiction.
_95676295
650 0 _aDancers
_vJuvenile fiction.
_95694751
650 0 _aBallet dancing
_vJuvenile fiction.
_95694653
650 0 _aHelping behavior
_vJuvenile fiction.
_95696724
650 0 _aVillages
_vJuvenile fiction.
_95724281
655 7 _aPicture books.
_2lcgft.
700 1 _aCraig, Helen,
_eillustrator.
_92292
700 1 _aShephard, David,
_eauthor.
_96552124
800 1 _aHolabird, Katharine.
_tAngelina Ballerina.
_955011
942 _2ddc
_cBOOK
999 _c411591
_d411591